| 000 | 00742nam a2200229Ia 4500 | ||
|---|---|---|---|
| 003 | OSt | ||
| 005 | 20240806093017.0 | ||
| 008 | 210716s1979 xx 000 0 und d | ||
| 020 | _a0875580904 | ||
| 040 | _cAIMIT LIBRARY | ||
| 041 | _aeng | ||
| 082 |
_a374.22 _21 _bSHAG |
||
| 100 |
_aSharp, Gene. _9175265 |
||
| 245 |
_aGandhi as a political strategist with essay on ethics and politics / _cBy Gene Sharp. |
||
| 250 | _a1st ed. | ||
| 260 |
_aU S A : _bPorter Sargent Publishers Inc , _c1979. |
||
| 300 |
_axvii,357P. ; _bPB _c21.6 cm |
||
| 650 |
_aGandhi as a political strategist _9175266 |
||
| 650 |
_aEssays on ethics and politics _9175267 |
||
| 650 |
_aTypes of principled nonviolence _9175268 |
||
| 942 |
_2ddc _cBK _e1st _k374.22 SHAG |
||
| 999 |
_c198848 _d198848 |
||